| 000 | 01127cam a2200301 a 4500 | ||
|---|---|---|---|
| 001 | 2200 | ||
| 005 | 20250221100937.0 | ||
| 020 | _a9780439027977 | ||
| 040 |
_aDLC _cDLC _dDLC _beng |
||
| 050 | 0 | 0 |
_aPZ7.M478693 _bAb 2007 |
| 082 | 0 | 0 |
_a316 _222 |
| 100 | 1 |
_aMcKissack, Pat _d1944-2017 |
|
| 245 | 1 | 0 |
_aAbby takes a stand / _cby Patricia C. McKissack ; illustrated Gordon C. James. |
| 250 | _aFirst Scholastic printing, January 2007 | ||
| 260 |
_aNew York : _bScholastic, _c2007 |
||
| 300 |
_a104 pages : _billustations _c19 cm |
||
| 490 | 0 | _aScraps of time | |
| 505 | _aK | ||
| 520 | _aGee recalls for her grandchildren what happened in 1960 in Nashville, Tennessee, when she, aged ten, passed out flyers while her cousin and other adults held sit-ins at restaurants and lunch counters to protest segregation. | ||
| 521 |
_a580 _bLexile |
||
| 521 |
_aK _bRaz-Plus |
||
| 650 | 1 |
_aSegregation _vFiction. |
|
| 650 | 1 |
_aCivil rights demonstrations _vFiction. |
|
| 650 | 1 |
_aAfrican Americans _vFiction. |
|
| 700 | 1 |
_aJames, Gordon C. _eillustrator |
|
| 906 |
_a7 _bcbc _corignew _d2 _encip _f20 _gy-gencatlg |
||
| 942 |
_2ddc _cBK _n0 |
||
| 999 |
_c2200 _d2200 |
||